紅樓夢青年版 . (一)

資料類型: CD 光碟   書目號:49332

Leader xxxxxxxxxx
001 __ PCLIS00049332
005 __ 20220630230412.0
010 0_ |b盒裝|dNT$680
019 __ |a2733051013016|2EAN
100 __ |a20151109g20132016em y0chiy09      e
101 0_ |achi
102 __ |atw
126 __ |aagbzhxxa     cd|bbex
127 __ |a006001|a006049|a006027|a006032|a005816|a006102|a003942
200 1_ |a紅樓夢青年版|b錄音資料|h(一)|f蔣勳主講
204 0_ |a錄音資料
210 __ |a臺北市|c財團法人趨勢教育基金會發行出版|c三民書局總經銷|d2013
215 0_ |a7張雷射唱片(約400分49秒)|c數位, 立體聲|d4 3/4吋|e1冊導讀書(48面) 
225 2_ |a蔣勳系列有聲書
225 2_ |a文化聲勢
300 __ |a盛裝盒題名: 紅樓夢青年版(一) : 石頭與草的因果 : 《紅樓夢》前二十回的故事
300 __ |a作者號由t038補0, 由t561刪除0
300 __ |a技術細節註: CD
301 __ |a2733051013016
322 __ |a監製: 張勝宗 ; 錄音: 李雅婷 ; 片頭.配樂.母帶製作: 張書銘
327 1_ |a上卷: Disc 01: 1, 洪荒中的石頭--2, 石頭下凡--3, 我曾見過的--Disc 02: 1, 馮淵與薛蟠--2, 男孩的夢--3, 劉姥姥進大觀園--Disc03: 1, 寶玉遇見秦鐘--2, 莫失莫忘--3, 上學記--Disc 04: 1, 可卿的病--2, 賈瑞--3, 相思局--下卷: Disc 05: 1, 盛筵必散--2, 可卿的喪禮--3, 王熙鳳弄權--Disc 06: 1, 元春封妃--2, 遊玩大觀園--3, 元妃省親--Disc 07: 1, 茗煙--2, 襲人
330 __ |a《紅樓夢》是一部青春的輓歌。前二十回所有繁華都寫盡了,而所謂繁華,只是前世忘不掉的一次花季吧。石頭與草的因果《紅樓夢》前二十回的故事:在靈河岸邊,在三生石上,他們曾經見過。在他們還沒有修行成人的肉身之前,曾經見過。一塊石頭,一株草,他們在洪荒中就相見了。石頭為草澆了水,有這樣的因果,她要來人間,用這一世一生的眼淚還給石頭。一生一定要記得,因為前世因果,有一個生命你會再次相見,可以再次相認。茫茫大荒,幾世幾劫,只有因果,會讓肉身重來,再次相見。芸芸眾生,他們都還要相見相認,纏縛,纏綿,各自了各自的因果。
339 __ |a全套六部,館藏一∼四部
410 _0 |12001 |a蔣勳系列有聲書
410 _0 |12001 |a文化聲勢
500 11 |a紅樓夢|m中文
517 1_ |a蔣勳紅樓夢青年版|zchi
517 1_ |a紅樓夢青年版(一)|e石頭與草的因果|e《紅樓夢》前二十回的故事|zchi
517 1_ |a石頭與草的因果|zchi
517 1_ |a《紅樓夢》前二十回的故事|zchi
517 1_ |a紅樓夢前二十回的故事|zchi
681 __ |a857.49|b848
681 __ |a857.49|b8480 v.1
681 __ |a857.49|b8480|v增訂八版
700 _1 |a|b|f1947- |4主講
801 _0 |atw|b內湖高中|c20151109|gCCR
801 _2 |atw|b內湖高中|c20220630|gCCR
  
詳細館藏(共 1 筆)
索 書 號登 錄 號冊次號館別 / 館藏地流通類型狀態加入預約清單電子資源
857.49 / 848 1023155 N.1-N.7 圖書館 / 一樓視聽區(請向館員洽借) 可外借30天 在館   

| 條列資料




目錄查詢 分類查詢 個人資料 圖書薦購 新書查詢 閉館日 排行榜 更多電子資源 Hami書城 線上資料庫 登出

From : 216.73.217.52

  本日流通累計至 01:03:14 借閱 : 0 次 續借 : 0 次 歸還 : 0 次 預約 : 0 次 電子資源 : 0 次


內湖高中圖書館  PCLIS 版本  26.5.0.12